01018cam a2200241 a 450000100060000000300080000600500170001400800410003103500190007204000410009104100080013208200170014010000570015724501360021426000450035030000730039549000680046850400300053650500910056665000530065770000290071083000370073924093BD-RjUL20211209001017.0140312s1961 enkabf 001 0 eng d a(BD-RjUL)24159 aOUNdOCLdEQOdBD-RjULbengcBD-RjUL aeng a940.544bWES1 aWebster, Charles K.q(Charles Kingsley),d1886-1961.14aThe strategic air offensive against Germany, 1939-1945 /cby Charles Webster and Noble FranklandnVolume IVpAnnexes and Appendices aLondon :bH.M. Stationery Office,c1961. axiii,529 p. :billus., ports., maps (part fold., part col.) ;c25 cm1 aHistory of the Second World War. United Kingdom military series aBibliographical footnotes0 av. 1. Preparation -- v. 2. Endeavour -- v. 3. Victory -- v. 4. Annexes and appendices. 0aWorld War, 1939-1945xAerial operations, British1 aFrankland, Noble,d1922- 0aHistory of the Second World War.